শুন বরনারী / (Record no. 64072)
[ view plain ]
| 000 -LEADER | |
|---|---|
| fixed length control field | 00743nam a2200229 a 4500 |
| 001 - CONTROL NUMBER | |
| control field | 64072 |
| 003 - CONTROL NUMBER IDENTIFIER | |
| rucl marc code | BD-RjUL |
| 005 - DATE AND TIME OF LATEST TRANSACTION | |
| control field | 20211209081252.0 |
| 008 - FIXED-LENGTH DATA ELEMENTS--GENERAL INFORMATION | |
| fixed length control field | 170208s1961 bg ||||| |||| 00| f ben d |
| 020 ## - INTERNATIONAL STANDARD BOOK NUMBER | |
| Terms of availability | : Tk. 3.00 |
| 035 ## - SYSTEM CONTROL NUMBER | |
| System control number | (BD-RjUL)64202 |
| 040 ## - CATALOGING SOURCE | |
| Original cataloging agency | BD-RjUL |
| Language of cataloging | ben |
| Transcribing agency | BD-RjUL |
| Modifying agency | BD-RjUL |
| 041 ## - LANGUAGE CODE | |
| Language code of text/sound track or separate title | ben |
| 082 ## - DEWEY DECIMAL CLASSIFICATION NUMBER | |
| Edition number | 23 |
| Classification number | 891.443 |
| Author mark and year | GHS 1961 |
| 100 ## - MAIN ENTRY--PERSONAL NAME | |
| Personal name | ঘোষ, সুবোধ |
| 9 (RLIN) | 175741 |
| 245 10 - TITLE STATEMENT | |
| Title | শুন বরনারী / |
| Statement of responsibility, etc. | সুবোধ ঘোষ |
| 260 ## - PUBLICATION, DISTRIBUTION, ETC. (IMPRINT) | |
| Place of publication, distribution, etc. | ঢাকা : |
| Name of publisher, distributor, etc. | বুক ব্যাঙ্ক, |
| Date of publication, distribution, etc. | ১৯৬১ (১৩৬৮) |
| 300 ## - PHYSICAL DESCRIPTION | |
| Pagination | ১৫৯ পৃ. ; |
| Size | ২৩ সেমি. |
| 650 ## - SUBJECT ADDED ENTRY--TOPICAL TERM | |
| Topical term or geographic name as entry element | বাংলা উপন্যাস |
| 9 (RLIN) | 170454 |
| Topical term or geographic name as entry element | Bengali Fiction |
| 9 (RLIN) | 170455 |
| 942 ## - ADDED ENTRY ELEMENTS (KOHA) | |
| Source of classification or shelving scheme | Dewey Decimal Classification |
| Koha item type | Books |
| Lost status | Source of classification or shelving scheme | Damaged status | Not for loan | Collection code | Permanent Location | Current Location | Shelving location | Date acquired | Source of acquisition | Cost, normal purchase price | Total Checkouts | Full call number | Date last seen | Copy number | Koha item type |
|---|---|---|---|---|---|---|---|---|---|---|---|---|---|---|---|
| Dewey Decimal Classification | Not For Loan | Fiction | Central Library, University of Rajshahi | Central Library, University of Rajshahi | Reading Room | 05/01/1967 | Nawroge kitabstan, Dhaka | 3.00 | B 891.443 GHS 1961 | 08/02/2017 | C-1 | Books | |||
| Dewey Decimal Classification | Fiction | Central Library, University of Rajshahi | Central Library, University of Rajshahi | 31/01/1967 | Nowrj kittabitan, Dhaka | 3.00 | B 891.443 GHS 1961 | 26/02/2017 | C-2 | Books |